[Event "RUS-ch Higher League (Women) 74th"]
[Site "Nizhnij Novgorod"]
[Date "2024.07.05"]
[Round "9"]
[White "Ubiennykh, Ekaterina"]
[Black "Krupenko, Polina"]
[Result "1-0"]
[WhiteElo "2208"]
[BlackElo "1809"]
[PlyCount "67"]
[EventDate "2024.06.26"]
[EventType "swiss"]
[EventRounds "9"]
[EventCountry "RUS"]
[SourceTitle "EXT 2025"]
[Source "ChessBase"]
[SourceDate "2024.10.14"]
[SourceVersion "1"]
[SourceVersionDate "2024.10.14"]
[SourceQuality "1"]

1. e4 Nc6 2. Bc4 d6 3. Nc3 Nf6 4. d3 Na5 5. Bb3 a6 6. Bg5 e6 7. h4 Be7 8. h5 h6 9. Bd2 c5 10. Qf3 d5 11. exd5 Nxb3 12. axb3 exd5 13. Qg3 Bg4 14. Nge2 Qd7 15. Nf4 Bd6 16. f3 Bxf4 17. Qxf4 Bxh5 18. g4 Bg6 19. g5 Nh5 20. Qe3+ Kd8 21. Qxc5 Rc8 22. Qa5+ Qc7 23. Qxd5+ Ke8 24. 0-0-0 hxg5 25. Qxg5 b5 26. b4 Kf8 27. f4 Qd7 28. Rde1 Qf5 29. Re5 Qf6 30. Rc5 Rxc5 31. Qxc5+ Kg8 32. Nd5 Qd8 33. Ne7+ Kh7 34. Rxh5+ 1-0

[Event "RUS-ch Higher League (Women) 74th"]
[Site "Nizhnij Novgorod"]
[Date "2024.07.03"]
[Round "7"]
[White "Tsamalaidze, Liana"]
[Black "Krupenko, Polina"]
[Result "1-0"]
[WhiteElo "1908"]
[BlackElo "1809"]
[PlyCount "77"]
[EventDate "2024.06.26"]
[EventType "swiss"]
[EventRounds "9"]
[EventCountry "RUS"]
[SourceTitle "EXT 2025"]
[Source "ChessBase"]
[SourceDate "2024.10.14"]
[SourceVersion "1"]
[SourceVersionDate "2024.10.14"]
[SourceQuality "1"]

1. d4 d6 2. c4 e5 3. d5 f5 4. Nc3 Nf6 5. g3 Be7 6. Bg2 0-0 7. e3 Qe8 8. Nge2 Na6 9. a3 Qh5 10. b4 Rb8 11. Qc2 Bd7 12. Bb2 c6 13. dxc6 bxc6 14. Qa4 Rb6 15. Qa5 Qg4 16. Na4 Qxc4 17. Rc1 Qb3 18. Nxb6 axb6 19. Qxa6 Qxb2 20. Bxc6 Be6 21. 0-0 Ne4 22. Qd3 Ng5 23. Rc2 Qb3 24. Rc3 Qa2 25. Nc1 Qb2 26. Rc2 Qa1 27. Bd5 e4 28. Bxe6+ Nxe6 29. Qd5 Qf6 30. Ne2 Kh8 31. Rfc1 Ng5 32. Rc8 Bd8 33. Nf4 Qh6 34. h3 Nf3+ 35. Kg2 g5 36. Ne6 g4 37. h4 Nxh4+ 38. gxh4 Qxh4 39. Qd4+ 1-0

[Event "RUS-ch Higher League (Women) 74th"]
[Site "Nizhnij Novgorod"]
[Date "2024.07.02"]
[Round "6"]
[White "Krupenko, Polina"]
[Black "Dolinskaya, Mariia"]
[Result "0-1"]
[WhiteElo "1809"]
[BlackElo "1913"]
[PlyCount "90"]
[EventDate "2024.06.26"]
[EventType "swiss"]
[EventRounds "9"]
[EventCountry "RUS"]
[SourceTitle "EXT 2025"]
[Source "ChessBase"]
[SourceDate "2024.10.14"]
[SourceVersion "1"]
[SourceVersionDate "2024.10.14"]
[SourceQuality "1"]

1. e4 c6 2. Be2 d5 3. d3 d4 4. f4 c5 5. Nf3 e6 6. 0-0 Be7 7. c3 Nc6 8. Qe1 Nf6 9. Na3 0-0 10. Nc2 Nxe4 11. dxe4 d3 12. Bd1 dxc2 13. Bxc2 f6 14. Be3 b5 15. Qf2 c4 16. b3 Qa5 17. bxc4 bxc4 18. Nd4 Bd7 19. Ne2 Ba3 20. Rab1 Rfb8 21. f5 e5 22. Rbd1 Be8 23. Rd5 Qa6 24. Bc1 Ne7 25. Rd2 Bd6 26. Bd1 Bc7 27. Kh1 Bb6 28. Qg3 Qb7 29. Qh4 Bc6 30. Ng3 Rd8 31. Rb2 Rd3 32. Be2 Rxc3 33. Bd2 Rxg3 34. Bxc4+ Kh8 35. Qxg3 Bxe4 36. Be6 Qa6 37. Re1 Rd8 38. Qg4 Rd4 39. Qh5 Qa4 40. Qf7 Bxg2+ 41. Kxg2 Qc6+ 42. Kg3 Rg4+ 43. Kxg4 Qg2+ 44. Kh4 Bf2+ 45. Kh5 Qh3# 0-1

[Event "RUS-ch Higher League (Women) 74th"]
[Site "Nizhnij Novgorod"]
[Date "2024.06.28"]
[Round "3"]
[White "Komissarova, Soigina"]
[Black "Krupenko, Polina"]
[Result "1-0"]
[WhiteElo "1970"]
[BlackElo "1809"]
[PlyCount "89"]
[EventDate "2024.06.26"]
[EventType "swiss"]
[EventRounds "9"]
[EventCountry "RUS"]
[SourceTitle "EXT 2025"]
[Source "ChessBase"]
[SourceDate "2024.10.14"]
[SourceVersion "1"]
[SourceVersionDate "2024.10.14"]
[SourceQuality "1"]

1. e4 e6 2. d4 d5 3. e5 c5 4. c3 Nc6 5. Nf3 Bd7 6. Be2 Nge7 7. Na3 a6 8. Nc2 Rc8 9. 0-0 Qc7 10. Ne3 Ng6 11. g3 Be7 12. h4 h6 13. Ng4 Bd8 14. h5 Nf8 15. dxc5 Nh7 16. Bd3 Ng5 17. Nxg5 hxg5 18. Re1 d4 19. Bd2 dxc3 20. Bxc3 Ne7 21. Bd4 Nd5 22. Ne3 Nb4 23. Bf1 Nc6 24. Nc4 Nxd4 25. Nd6+ Kf8 26. Nxc8 Nf3+ 27. Qxf3 Qxc8 28. Bg2 Bc6 29. Qd1 Bxg2 30. Kxg2 Qc6+ 31. Qf3 Qxc5 32. Qxb7 Rxh5 33. Rh1 g6 34. Rxh5 gxh5 35. Qb8 Qd5+ 36. Kg1 Kg7 37. Qd6 Qa5 38. b4 Qc7 39. Rd1 Qxd6 40. Rxd6 Be7 41. Rb6 Kg6 42. a4 Kf5 43. Rb7 Bd8 44. a5 Kxe5 45. Rd7 1-0